Quick Pick: Asian Rivers Quiz Stats

 Plays Quiz Updated Jul 10, 2016

Challenge
Share
Tweet
Embed
Score 0/12 Timer 01:00
6 Plays Today
% Correct
Yangtze
96.4%
Xi
94.4%
Ganges
93.7%
Yenisei
89.9%
Tigris
89.5%
Euphrates
87.6%
Yalu
85.6%
Jordan
85.6%
Ob
81.4%
Tarim
79.6%
Karun
78%
Rio Grande de Mindanao
28.8%

Today's Daily Dose

You're not logged in!

Compare scores with friends on all Sporcle quizzes.
OR
Log In

You Might Also Like...

Show Comments

Extras

Top Quizzes Today


Score Distribution

Your Account Isn't Verified!

In order to create a playlist on Sporcle, you need to verify the email address you used during registration. Go to your Sporcle Settings to finish the process.

Report this User

Report this user for behavior that violates our Community Guidelines.

Details: